Essentials of patents

Sparad:
Bibliografiska uppgifter
Huvudupphovsman: Gibbs, Andy
Materialtyp: Bok
Språk:Undetermined
Publicerad: Hoboken, N.J. John Wiley 2003
Ämnen:
Taggar: Lägg till en tagg
Inga taggar, Lägg till första taggen!
Thư viện lưu trữ: Trung tâm Học liệu Trường Đại học Cần Thơ
LEADER 00518nam a2200193Ia 4500
001 CTU_109691
008 210402s9999 xx 000 0 und d
082 |a 346.730486 
082 |b G442 
100 |a Gibbs, Andy 
245 0 |a Essentials of patents 
245 0 |c Andy Gibbs, Bob DeMatteis 
260 |a Hoboken, N.J. 
260 |b John Wiley 
260 |c 2003 
650 |a Inventions,Patents 
650 |x Marketing 
904 |i Q. Hiếu (sửa) 
980 |a Trung tâm Học liệu Trường Đại học Cần Thơ